000 00712nam a22002297a 4500
005 20170124110032.0
010 _aB-031260
020 _c00.00
_a818731785X
035 _aB-031260
037 _bCen Lib/Ret
040 _aDPL
_bEN
082 _a371.102
_bNAG
100 _aNagpal, Shakuntla
_921875
245 _aInteractive teaching learning process /
_cby Shakuntla Nagpal
260 _aNew Delhi
_bRajat Publications
_c2000
270 _bNew Delhi
_a4675/21, Ansari Road, Darya Ganj
_e110002
300 _axii,257p.
_c22cm(Hb)
500 _aIncludes index
650 _aSpecial education
_921876
650 _aEducation -- teaching and study
_921877
942 _2ddc
_cEN
_h371.102
_mNAG
999 _c127904
_d127904